书目信息 |
| 题名: |
中国大百科全书:轻工
|
|
| 作者: | 中国大百科全书编辑委员会《轻工》编辑委员会 编 ;中国大百科全书总编辑委员会《轻工》编辑委员会 编 | |
| 分册: | ||
| 出版信息: | 北京 中国大百科全书出版社 1991.11 |
|
| 页数: | 735页 | |
| 开本: | 28cm | |
| 丛书名: | ||
| 单 册: | ||
| 中图分类: | Z227 | |
| 科图分类: | ||
| 主题词: | 百科全书--中国 | |
| 电子资源: | ||
| ISBN: | 7-5000-5989-2 | |
| 000 | 00839nam0 2200193 45 | |
| 001 | 1434348578 | |
| 005 | 20140111093427.50 | |
| 010 | @a7-5000-5989-2@dCNY42.25 | |
| 100 | @a20001001d1991 km y0chiy0120 ea | |
| 101 | 0 | @achi |
| 200 | 1 | @a中国大百科全书:轻工@AZhong Guo Da Bai Ke Quan Shu:Qing Gong@f中国大百科全书总编辑委员会《轻工》编辑委员会编@Fzhong guo da bai ke quan shu zong bian ji wei yuan hui《qing gong》bian ji wei yuan hui bian |
| 210 | @a北京@c中国大百科全书出版社@d1991.11 | |
| 215 | @a735页@d28cm | |
| 606 | 0 | @a百科全书@x中国 |
| 690 | @aZ227@v3 | |
| 701 | 0 | @a中国大百科全书编辑委员会《轻工》编辑委员会@4编 |
| 711 | 02 | @a中国大百科全书总编辑委员会《轻工》编辑委员会@Azhong guo da bai ke quan shu zong bian ji wei yuan hui《qing gong》bian ji wei yuan hui@4编 |
| 801 | @aCN@bPftUser@c20001001 | |
| 905 | @b166048@dZ227@eJ.297@f1 | |
| 中国大百科全书:轻工/中国大百科全书总编辑委员会《轻工》编辑委员会编.-北京:中国大百科全书出版社,1991.11 |
| 735页;28cm |
| ISBN 7-5000-5989-2:CNY42.25 |
| ● |
| 相关链接 |
|
|
|
正题名:中国大百科全书:轻工
索取号:Z227/J.297
 
预约/预借
| 序号 | 登录号 | 条形码 | 馆藏地/架位号 | 状态 | 备注 |
| 1 | 492677 | 204926777 | 自科库501/501自科库 125排1列5层/ [索取号:Z227/J.297] | 在馆 |